バンドリ!ガールズバンドパーティー!の収録楽曲 - Statistics

General Stats
  • This quiz has been taken 6 times
  • The average score is 56 of 437
Answer Stats
Hint Answer % Correct
ティアドロップス
100%
キズナミュージック♪
100%
空色デイズ
100%
CiRCLING
100%
Afterglow×こころ GO!!!
100%
God knows...
100%
八月のif
100%
R
100%
STAR BEAT!〜ホシノコドウ〜
100%
Time Lapse
100%
Yes! BanG_Dream!
100%
Poppin'Party ときめきエクスペリエンス!
50%
ぽっぴん'しゃっふる
50%
走り始めたばかりのキミに
50%
キミにもらったもの
50%
夏のドーン!
50%
クリスマスのうた
50%
私の心はチョココロネ
50%
二重の虹(ダブル レインボウ)
50%
ミライトレイン
50%
ここから先は歌にならない
50%
キミが始まる!
50%
イントロダクション
50%
大好き!
50%
千本桜
50%
君じゃなきゃダメみたい
50%
ロミオとシンデレラ
50%
君に届け
50%
青と夏
50%
ランブリングメモリー
50%
カナユメ
50%
独創収差
50%
カルマ
50%
ロストワンの号哭
50%
インフェルノ
50%
ロキ
50%
ふわふわ時間
50%
世界は恋に落ちている
50%
ルカルカ★ナイトフィーバー
50%
夜に駆ける
50%
徒花ネクロマンシー
50%
軌跡
50%
約束
50%
閃光
50%
魂のルフラン
50%
名前のない怪物
50%
鳥の詩
50%
廻廻奇譚
50%
ハロー、ハッピーワールド! えがおのオーケストラっ!
50%
キミがいなくちゃっ!
50%
にこにこねくと!
50%
新宝島
50%
コレカラ
50%
オレンジ
50%
金色へのプレリュード
50%
りみ チョコレイトの低音レシ
50%
沙綾 遠い音楽〜ハートビート〜
50%
有咲 す、好きなんかじゃない!
50%
Afterglow×香澄 天体観測
50%
Roselia × いとうかなこ スカイクラッドの観測者
50%
1000回潤んだ空
50%
1/3の純情な感情
50%
Alchemy
50%
Roselia BLACK SHOUT
50%
B.O.F
50%
Breakthrough!
50%
Afterglow × FLOW COLORS
50%
くちづけDiamond
50%
DISCOTHEQUE
50%
Don't say "lazy"
50%
開けたらDream!
50%
EXIST
50%
EXPOSE 'Burn out!!!'
50%
final phase
50%
FIRE BIRD
50%
GLAMOROUS SKY
50%
Happy Happy Party!
50%
Legendary
50%
Light a fire
50%
Live Beyond!!
50%
Make it!
50%
Nameless Story
50%
Neo-Aspect
50%
Nevereverland
50%
only my railgun
50%
Our Carol
50%
overtuRe
50%
Returns
50%
Sanctuary
50%
Sasanqua
50%
Sing Alive
50%
キラキラだとか夢だとか 〜Sing Girls〜
50%
Song I am.
50%
春〜spring〜
50%
Storyteller
50%
STYX HELIX
50%
寄る辺のSunny,Sunny
50%
THE HISTORIC...
50%
This game
50%
True color
50%
White Afternoon
50%
前へススメ!
0%
最高(さあ行こう)!
0%
ガールズコード
0%
アニバーサリー
0%
イニシャル
0%
夢を撃ち抜く瞬間に!
0%
夏に閉じこめて
0%
ぽっぴん'どりーむ!
0%
星の約束
0%
光るなら
0%
メランコリック
0%
夏祭り
0%
夜行性ハイズ
0%
オトモダチフィルム
0%
チェリボム
0%
ディスカバリー!
0%
ミュージック・アワー
0%
ブルーバード
0%
群青日和
0%
セツナトリップ
0%
イエスタデイ
0%
大河よ共に泣いてくれ
0%
怪物
0%
ヴァンパイア
0%
ツナグ、ソラモヨウ
0%
サクラゼンセン
0%
アスノヨゾラ哨戒班
0%
プライド革命
0%
イマジネーション
0%
瞬間センチメンタル
0%
らしさ
0%
午夜の待ち合わせ
0%
青い栞
0%
アイのシナリオ
0%
天ノ弱
0%
カサブタ
0%
ハウトゥー世界征服
0%
ヒューマノイド
0%
ベノム
0%
メンタルチェンソー
0%
トーキョーワンダー。
0%
Pastel*Palettes しゅわりん☆どり〜みん
0%
パスパレボリューションず☆
0%
はなまる◎アンダンテ
0%
もういちど ルミナス
0%
あっつあつ 常夏 らぶ☆サマー!
0%
ゆめゆめグラデーション
0%
るんっ♪てぃてぃー!
0%
パッパレ☆人生!バーン万歳!
0%
ハレハレ☆フォーチュン
0%
ハナヒバナ
0%
ドリームパレード
0%
そばかす
0%
はなまるぴっぴはよいこだけ
0%
ハッピーシンセサイザ
0%
みくみくにしてあげる♪【してやんよ】
0%
気まぐれロマンティック
0%
ゆりゆららららゆるゆり大事件
0%
奏(かなで)
0%
ときめきポポロン♪
0%
春擬き
0%
からくりピエロ
0%
花ハ踊レヤいろはにほ
0%
ノスタルジックレインフォール
0%
ラムのラブソング
0%
春を告げる
0%
秘密の扉から会いにきて
0%
陽だまりロードナイト
0%
熱色スターマイン
0%
紅蓮の弓矢
0%
深愛
0%
残酷な天使のテーゼ
0%
六兆年と一夜物語
0%
キミの記憶
0%
シャルル
0%
ツキアカリのミチシルベ
0%
緋色の空
0%
海色
0%
ファティマ
0%
甲賀忍法帖
0%
右肩の蝶
0%
ハピネスっ!ハピィーマジカルっ♪
0%
ゴーカ!ごーかい!?ファントムシーフ!
0%
せかいのっびのびトレジャー!
0%
わちゃ・もちゃ・ぺったん行進曲
0%
ふわふわ☆ゆめいろサンドイッチ
0%
ハイファイブ∞あどべんちゃっ
0%
はれやか すこやか ぴかりんりん♪
0%
えがお・シング・あ・ソング
0%
にこ×にこ=ハイパースマイルパワー!
0%
スマイルブーケで た〜まや〜!
0%
おもいでイルミネーション
0%
うぃーきゃん☆フレフレっ!
0%
えがお、み〜っけた!
0%
ないすみちゅっ!
0%
きらっ☆と キミフェス!
0%
現るっ!大怪盗ハロハッピー!
0%
おもいやりハーモニー
0%
うちゃパ!で ぱっぴかポーんっ!
0%
シュガーソングとビターステップ
0%
いーあるふぁんくらぶ
0%
シルエット
0%
ハッピーサマーウェディング
0%
ひまわりの約束
0%
ロメオ
0%
恋は渾沌の隷也
0%
太陽曰く燃えよカオス
0%
エイリアンエイリアン
0%
エクストラ・マジック・アワー
0%
回レ!雪月花
0%
ノーポイッ!
0%
恋愛裁判
0%
上海ハニー
0%
全力少年
0%
ドレミファロンド
0%
ウィーアー!
0%
おジャ魔女カーニバル!!
0%
好き!雪!本気マジック
0%
ン・パカマーチ
0%
ハッピー☆マテリアル
0%
ヒャダインのじょーじょーゆーじょー
0%
ブルームブルーム
0%
ハーモニー・デイ
0%
カラフルリバティー
0%
メリッサ
0%
秒針を噛む
0%
深海少女
0%
アゲハ蝶
0%
月光花
0%
ボクノート
0%
激動
0%
ヒトリノ夜
0%
劣等上等
0%
恋しさと せつなさと 心強さと
0%
ブリキノダンス
0%
脳漿炸裂ガール
0%
メギツネ
0%
たえ 花園電気ギター!!!
0%
GBP!スペシャルバンド クインティプル☆すまいる
0%
香澄×蘭×彩×友希那×こころ ピコっと!パピっと!!ガルパ☆ピコ!!!
0%
彩×モカ×リサ×花音×つぐみ ひとりじゃないんだから
0%
香澄×蘭×彩×友希那×こころ 大盛り一丁!ガルパ☆ピコ
0%
Poppin'Party×Pastel*Palettes×Morfonica 絆色のアンサンブル
0%
RAISE A SUILEN×ハロー、ハッピーワールド! ラスハピーポー!
0%
香澄×蘭×彩×友希那×こころ×ましろ×レイヤ ピコたるもの、ふぃーばー!
0%
花園たえ×レイヤ ナカナ イナ カナイ
0%
Poppin'Party×Glitter*Green 正解はひとつ!じゃない!!
0%
ハロー、ハッピーワールド!×蘭×彩 ハレ晴レユカイ
0%
Roselia×蘭 革命デュアリズム
0%
Poppin'Party×彩×こころ 檄!帝国華撃団
0%
Poppin'Party×友希那 創聖のアクエリオン
0%
Pastel*Palettes×こころ×ましろ ムーンライト伝説
0%
Afterglow×香澄 ドラマツルギー
0%
ハロー、ハッピーワールド! ×彩×ましろ シル・ヴ・プレジデント
0%
Afterglow ×香澄 グッバイ宣言
0%
Roselia ×レイヤ 曇天
0%
Pastel*Palettes × 湊あくあ ファンサ
0%
Poppin'Party × ときのそら あの夢をなぞって
0%
Pastel*Palettes × ClariS ヒトリゴト
0%
Morfonica × fhána 青空のラプソディ
0%
abnormalize
0%
あこがれacross
0%
A DECLARATION OF ×××
0%
天下トーイツA to Z☆
0%
Avant-garde HISTORY
0%
Baby Sweet Berry Love
0%
Bad Apple!! feat. nomico
0%
Beautiful Birthday
0%
Believe in my existence
0%
Blessing Chord
0%
灼熱 Bonfire!
0%
いつも通りのBrand new days
0%
Brand new Pastel Road!
0%
BRAVE JEWEL
0%
Break your desire
0%
Butter-Fly
0%
レイヤ×紗夜×沙綾×ミッシェル×瑠唯 CATASTROPHE BANQUET
0%
chAngE
0%
CiRCLE THANKS PARTY!スペシャルバンド CiRCLE THANKS MUSiC♪
0%
COLORFUL BOX
0%
COMIC PANIC!!!
0%
CORE PRIDE
0%
CORUSCATE -DNA-
0%
CQCQ
0%
Crow Song
0%
Cry Baby
0%
DANCE! おジャ魔女
0%
DAYBREAK FRONTLINE
0%
Daydream café
0%
Morfonica Daylight -デイライト-
0%
DAYS
0%
ぎゅっDAYS♪
0%
Poppin'Party × 鈴木このみ DAYS of DASH
0%
DEAD HEAT BEAT
0%
Dear Gleam
0%
DEPARTURES
0%
Determination Symphony
0%
divine intervention
0%
Domination to world
0%
Glitter*Green Don't be afraid!
0%
Dragon Night
0%
Dreamers Go!
0%
DRIVE US CRAZY
0%
Easy come, Easy go!
0%
Embrace of light
0%
ETERNAL BLAZE
0%
fantastic dreamer
0%
Fantastic future
0%
Fateful…
0%
flame of hope
0%
きゅ〜まい*flower
0%
fly with the night
0%
Poppin'Party×夏希 Freedom
0%
Future Place
0%
GO! GO! MANIAC
0%
great escape
0%
Hacking to the Gate
0%
Happy Girl
0%
Happy! Happier! Happiest!
0%
HELL! or HELL?
0%
Hello! Wink!
0%
-HEROIC ADVENT-
0%
Hey-day狂騒曲(カプリチオ)
0%
狂乱 Hey Kids!!
0%
Home Street
0%
I knew it!
0%
I love your way!
0%
Invincible Fighter
0%
Jamboree!Journey!
0%
Jumpin'
0%
Just Awake
0%
Keep Heart
0%
Keep the Heat and Fire Yourself Up
0%
KING
0%
LEVEL5-judgelight-
0%
Life Will Change
0%
Light Delight
0%
勇気Limit!
0%
Listen!!
0%
Little Busters!
0%
LOUDER
0%
ワクワクmeetsトリップ
0%
Memento
0%
mind of Prominence
0%
Moonlight Walk
0%
MOON PRIDE
0%
My Dearest
0%
NO GIRL NO CRY
0%
Northern lights
0%
!NVADE SHOW!
0%
Off we go.
0%
ONENESS
0%
ONE OF US
0%
One step at a time
0%
ON YOUR MARK
0%
Opera of the wasteland
0%
Original Call
0%
OUTSIDER RODEO
0%
Paradisus-Paradoxum
0%
PASSIONATE ANTHEM
0%
Photograph
0%
POP TEAM EPIC
0%
Power of LOVE!!!
0%
Roselia×蘭 Preserved Roses
0%
Proud of oneself
0%
Punchline Halloween!!!
0%
Q&A リサイタル!
0%
Reach Out To The Truth
0%
READY STEADY GO
0%
Realize
0%
Re:birth day
0%
ゼッタイ宣言〜Recital〜
0%
Red fraction
0%
Redo
0%
RED RED RED
0%
Roselia×Afterglow 競宴Red×Violet
0%
Repaint
0%
ゆら・ゆらRing-Dong-Dance
0%
Ringing Bloom
0%
RAISE A SUILEN R・I・O・T
0%
Rolling star
0%
ROZEN HORIZON
0%
ハロー、ハッピーワールド! × 白上フブキ ぼなぺてぃーと♡S
0%
Sacred world
0%
Safe and Sound
0%
SAKURAスキップ
0%
SAKURA MEMORIES
0%
切ないSandglass
0%
RAISE A SUILEN×友希那 SAVIOR OF SONG
0%
Scarlet Sky
0%
secret base 〜君がくれたもの〜
0%
Secret Dawn
0%
SENSENFUKOKU
0%
Shangri-La
0%
SHINY DAYS
0%
Singing "OURS"
0%
香澄 どきどきSING OUT!
0%
sister's noise
0%
サムライハート (Some Like It Hot!!)
0%
Sonorous
0%
SOUL SOLDIER
0%
SPARK-AGAIN
0%
Sparkling Daydream
0%
Sprechchor
0%
StaRt
0%
Stay Alive
0%
Step×Step!
0%
夢みるSunflower
0%
夏空 SUN! SUN! SEVEN!
0%
SURVIVOR ねばーぎぶあっぷ!
0%
Swear ~Night & Day~
0%
Sweets BAN!
0%
SWITCH ON NOW
0%
Synchrogazer
0%
Takin’ my Heart
0%
Afterglow That Is How I Roll!
0%
The Circle Of Butterflies
0%
The Everlasting Guilty Crown
0%
THE WAY OF LIFE
0%
TITLE IDOL
0%
ハロー、ハッピーワールド!× Machico TOMORROW
0%
Trouble Joyful!!
0%
GBP!スペシャルバンド TWiNKLE CiRCLE
0%
UNION
0%
"UNIONS" Road
0%
unravel
0%
UNSTOPPABLE
0%
V.I.P
0%
Wake up!
0%
What's the POPIPA!?
0%
Winking☆Cheer
0%
Wonderful Sweet!
0%
Wonderland Girl
0%
YAPPY! SCHOOL CARNIVAL☆彡
0%
Y.O.L.O!!!!!
0%
ZEAL of proud
0%
No matching quizzes found
Score Distribution
Percent of People with Each Score
Percentile by Number Answered
Your Score History
You have not taken this quiz